00754cam a22002411 4500001001300000003000400013005001700017008004100034010001700075035002000092040005400112042001200166050001500178082001100193100005800204245004500262260004400307300002400351650004500375650003800420740003700458999001700495med47001166 DLC20260227111601.0840820s1946 dcu r 000 0 eng c amed47001166  a(OCoLC)11073135 aU.S. Army Medical LibrarycWU-MdWU-MdOCoLCdDLC apremarc00aRA977b.B4 a362.131 aBealle, Morris A.q(Morris Allison),d1891-1972,eed.10a1946 directory of American sanitaria ... aWashington,bColumbia Pub. Co.,cc1946. a150, [2] p.c23 cm. 0aSanatoriumszUnited StatesvDirectories. 0aSanatoriumszCanadavDirectories.0 aDirectory of American sanitaria. c38268d38268